Účtovná závierka v jednoduchom účtovníctve
Článok opisuje kľúčové aspekty účtovania v jednoduchom účtovníctve a uzávierkové operácie pri zostavovaní účtovnej závierky. Právne predpisy a väzba na daňové priznanie. Účtovná závierka v základných definičných pojmoch. Účtovanie v peňažnom denníku. Evidencia DPH a princípy účtovania dane z pridane...
Gespeichert in:
| 1. Verfasser: | |
|---|---|
| Format: | Buchkapitel |
| Sprache: | Slowakisch |
| Schlagworte: | |
| Tags: |
Keine Tags, Fügen Sie das erste Tag hinzu!
|
MARC
| LEADER | 00000naa a2200000 4500 | ||
|---|---|---|---|
| 001 | 0306785 | ||
| 005 | 20250204151239.3 | ||
| 041 | 0 | |a slo | |
| 044 | |a SK | ||
| 245 | 1 | 0 | |a Účtovná závierka v jednoduchom účtovníctve |c Nadežda Cígerová |
| 520 | |a Článok opisuje kľúčové aspekty účtovania v jednoduchom účtovníctve a uzávierkové operácie pri zostavovaní účtovnej závierky. Právne predpisy a väzba na daňové priznanie. Účtovná závierka v základných definičných pojmoch. Účtovanie v peňažnom denníku. Evidencia DPH a princípy účtovania dane z pridanej hodnoty. Kniha zásob. Kniha dlhodobého majetku. Kniha pohľadávok a záväzkov. Pokladničná kniha a kniha účet v banke. Výdavky na cestovné a stravovanie podnikateľa. Doplňujúca problematika k overeniu správnosti účtovania v jednoduchom účtovníctve. Účtovné výkazy podnikateľa. | ||
| 610 | 2 | 0 | |a účtovníctvo daňové |
| 610 | 2 | 0 | |a účtovníctvo jednoduché |
| 610 | 2 | 0 | |a závierka účtovná |
| 610 | 2 | 0 | |a operácie účtovné |
| 610 | 2 | 0 | |a knihy účtovné |
| 610 | 2 | 0 | |a postupy účtovné |
| 610 | 2 | 0 | |a uzávierka účtovná |
| 100 | 1 | |a Cígerová, Nadežda | |